Vista normal Vista MARC

Entrada Materia (corporativa)

Número de registros utilizados en: 3

001 - CONTROL NUMBER

  • control field: 35069

003 - CONTROL NUMBER IDENTIFIER

  • control field: Co-BoUCM

005 - DATE AND TIME OF LATEST TRANSACTION

  • control field: 20130405114150.0

008 - FIXED-LENGTH DATA ELEMENTS

  • fixed length control field: 130405|| aca||aabn | a|a d

040 ## - CATALOGING SOURCE

  • Original cataloging agency: Co-BoUCM
  • Transcribing agency: Co-BoUCM

110 ## - HEADING--CORPORATE NAME

  • Corporate name or jurisdiction name as entry element: Universidad Católica de Pereira

670 ## - SOURCE DATA FOUND

  • Source citation: Work cat.: (Co-BoUCM)166151: Londoño Orozco, Carlos Arturo 35045, Indicadores, criterios, herramientas y modelos (con Excel) utilizados en la evaluación de inversiones, 2012